00568nam a2200193Ia 450000500170000000800410001704000190005804100120007708200160008910000190010524500550012425000120017926000550019130000120024650400500025865000210030865100350032985000100036420230628114750.0131103s9999 xx 000 0 und d aLoreto College aEnglish a942.06bASH aAshley,Maurice aEngland in the seventeenth centurycMaurice Ashley a2nd ed. aHarmondsworthbPenguin Booksc1956 (1958 printing) a256 p.  aIncludes bibliographical references and index aPeriod Of Stuart aEngland - History,17th century aLCLIB